Một số bệnh mới do ký sinh trùng - nấm và độc tố nấm - bệnh sinh sản ở gia súc - gia cầm nhập nội và biện pháp phòng trị

Guardat en:
Dades bibliogràfiques
Autor principal: Phạm Sỹ Lăng
Format: Llibre
Idioma:Undetermined
Publicat: H. Nông Nghiệp 2002
Matèries:
Etiquetes: Afegir etiqueta
Sense etiquetes, Sigues el primer a etiquetar aquest registre!
Thư viện lưu trữ: Trung tâm Học liệu Trường Đại học Cần Thơ
LEADER 00643nam a2200181Ia 4500
001 CTU_52064
008 210402s9999 xx 000 0 und d
020 |b 12500 
082 |a 636.089 
082 |b L116 
100 |a Phạm Sỹ Lăng 
245 0 |a Một số bệnh mới do ký sinh trùng - nấm và độc tố nấm - bệnh sinh sản ở gia súc - gia cầm nhập nội và biện pháp phòng trị 
245 0 |c Phạm Sỹ Lăng 
260 |a H. 
260 |b Nông Nghiệp 
260 |c 2002 
650 |a veterinary medicine 
980 |a Trung tâm Học liệu Trường Đại học Cần Thơ